00361pam a2200133a 44500008004100000020002400041082001600065100002500081245004900106260003200155300001000187906001100197999001900208230405s2011 xxu||||| |||| 00| 0 eng d a9350251744cRs. 450 a610.73bBAS aBasavanthappa, B.T.  aManagement of Nursing Services and Education aNew DelhibJaypee Pubc2011 a606 p a000919 c249684d249684